000 00896nam a22002531 4500
001 50227
003 BD-RJUL
005 20211209075458.0
008 160824s1951 xx 000 0 eng
035 _aBD-RJUL 50347
040 _aDLC
_cODa
_dDLC
_beng
041 _aeng
082 _a332.67
_bFOR 1951
110 2 _aUnited Nations.
_bEconomic Commission for Asia and the Far East.
_9150545
245 1 0 _aForeign investment laws and regulations of the countries of Asia and the Far East /
260 _aNew York :
_bDept. of Economic Affairs,
_c1951.
300 _aviii, 88 p. ;
_c23 cm.
500 _a"United Nations publications. Sales no: 1951.II.F.1.
650 0 _aInvestments, Foreign
_zAsia.
_9150541
650 0 _aCorporations, Foreign
_zAsia.
_9150542
830 0 _a[Document] (United Nations)
_vST/ECAFE/1. Jan. 1951
_9133450
942 _2ddc
_cBK
999 _c50227
_d50227